00633nam a2200169Ia 4500008004100000020001800041041000800059082001800067100002000085245011900105250000600224260006200230300001300292650000900305999001900314952013000333210716s2008 xx 000 0 und d a9788184046045 aeng a005.3642 HAVM aHavey, Michael. aSOA cookbook: design recipes for building better soa processes.bDesign recipes for building better soa processes. a1 aMumbaibShroff Publishers and Distributors Pvt Ltdc2008 aiv,254,5 aNone c189101d189101 001040708MCAaAIMITbAIMITeAthulya Booksg350.00l0o005.3642 HAVMpMCA08609r2026-05-23 00:00:00v273.00w2021-07-16yBK